000
00312pam a2200145 a 4500
020
_c
041
_a
eng
082
_a
576.163
_b
BAN
100
_a
Banwants, GJ.
245
_a
Basic Food Microbiology
_h
Textual Documents
250
_a
2004.
260
_a
[s.l]:
_b
CBS Pub
300
_a
773 pg .
930
_a
9348
999
_c
86253
_d
86253